00819nam a2200229 a 450000100060000000300080000600500170001400800410003103500190007204000450009104100080013608200240014410000450016824501480021326000610036130000270042250000190044965000140046865000280048265000290051070000500053949911BD-RjUL20211209075430.0160823r19551948nyua b 000 0 eng  a(BD-RjUL)50031 aDLCcOTUdNcRSdOCoLCdDLCdBD-RjULbeng aeng a371.3223bYOM 19551 aYoakam, Gerald A.q(Gerald Alan),d1887-10aModern methods and techniques of teaching /cby Gerald A. Yoakam and Robert G. Simpson. A revision of An introduction to teaching and learning. aNew York :bThe Macmillan Company,c1948 [printing 1955] aviii, 435 p. ;c22 cm. aIncludes Index 0aTeaching. 0aEducational psychology. 0aLearning, Psychology of.1 aSimpson, Robert Gilkey,d1890-ejoint author.